| 000 | 00484nam a2200181Ia 4500 | ||
|---|---|---|---|
| 008 | 230711s9999||||xx |||||||||||||| ||und|| | ||
| 020 | _a978-93-86150-72-1 | ||
| 041 | _aENG | ||
| 082 |
_a615.105 _bME-E |
||
| 100 | _aMedhi,Bikash | ||
| 245 | 0 | _aPractical manual of experimental and clinical pharmacology | |
| 250 | _a2nd Ed. | ||
| 260 |
_c2017 _aNew Delhi _bJaypee The Health Sciences Publishers |
||
| 300 | _a428p. | ||
| 650 | _aPharmacy | ||
| 700 | _aPrakash,Ajay | ||
| 942 | _cBK | ||
| 999 |
_c7140 _d7140 |
||